000
00264nam a22001217a 4500
082
_a
823
_b
ALE/T
100
_a
DUMAS, ALEXANDER
245
_a
THE THREE MUSKETEERS
260
_a
CHENNAI
_b
OXFORD
_c
1997
300
_a
150
650
_a
ENGLISH STORY
_z
INDIA
942
_c
BK
999
_c
7270
_d
7270